Estetica.
Сохранить в:
| Другие авторы: | |
|---|---|
| Формат: | |
| Язык: | итальянский |
| Опубликовано: |
Torino :
Einaudi,
1975
|
| Серии: | Piccola biblioteca Einaudi ;
241.2 |
| Предметы: | |
| Метки: |
Нет меток, Требуется 1-ая метка записи!
|
MARC
| LEADER | 00000nam a22000007ic4500 | ||
|---|---|---|---|
| 001 | IT\ICCU\RAV\0027596 | ||
| 003 | ItRI | ||
| 005 | 20260115232446.0 | ||
| 008 | 880426s1975 it |||||| |||||0|||||c | ||
| 040 | |b ita |c importazione bologna sebina | ||
| 041 | 7 | |a ita |2 ISO-639-2 | |
| 245 | 0 | 0 | |a Estetica. |c György Lukács ; traduzione di Fausto Codino. |
| 260 | |a Torino : |b Einaudi, |c 1975 | ||
| 300 | |a 548-908 p. ; |c 19 cm | ||
| 650 | 7 | |a Estetica | |
| 700 | 1 | |a Codino, Fausto |0 IT\ICCU\CFIV\012142 |4 trl | |
| 773 | 0 | |w IT\ICCU\RAV\0021738 |t Estetica |g 2 |a Lukács, György |0 IT\ICCU\CFIV\006929 | |
| 830 | 0 | |a Piccola biblioteca Einaudi ; |v 241.2 |0 IT\ICCU\CFI\0010621 | |
| 942 | |2 ddc |c BK |n 0 | ||
| 952 | |0 0 |1 0 |4 0 |6 DOC_111_850000000000000_LUK |7 0 |9 26116 |a BO |b BO |d 2026-01-15 |i 5673 |l 0 |o DOC 111.85 LUK |p BO5673 |r 2026-01-15 23:24:46 |w 2026-01-15 |x [Sebina 5] [V. 1-2] |y BK |z V. 2 | ||
| 999 | |c 22104 |d 22104 | ||